| 000 | 03572nam a2201021 i 4500 | ||
|---|---|---|---|
| 001 | nkc20243641922 | ||
| 003 | CZ PrSKC | ||
| 005 | 20260424154313.0 | ||
| 007 | ta | ||
| 008 | 241111s2024 xr a e 000 edcze | ||
| 015 | _acnb003641922 | ||
| 020 |
_a9788090908635 _q(brožováno) |
||
| 035 | _a(OCoLC)1498300440 | ||
| 040 |
_aOLA001 _bcze _erda |
||
| 041 | 1 |
_acze _heng |
|
| 043 | _aaw----- | ||
| 072 | 7 |
_a323 _xVnitropolitický vývoj, politický život _2Konspekt |
|
| 080 |
_a94(569.4-076) _2MRF |
||
| 080 |
_a323.269.6(569.4-076) _2MRF |
||
| 080 |
_a327.57 _2MRF |
||
| 080 |
_a(5-15) _2MRF |
||
| 080 |
_a(0:82-4) _2MRF |
||
| 080 |
_a(0:82-94) _2MRF |
||
| 080 |
_a(082) _2MRF |
||
| 100 | 1 |
_aAbou Kharroub, Farah, _d1993- _4aut |
|
| 245 | 1 | 0 |
_aNa této zemi je pro co žít : _bpodněty k osvobození Palestiny / _cFarrah Abou Kharroub, Nataša Dudinski, Petra Dvořáková, Joe Grim Feinberg, Shir Hever, Amal Khoury, Nadia Kotaishová, Nina Lakhani, Tereza Langrová (ed.), Mahmúd Muštahá, Ilham Rawoot, Prokop Singer, Hanín Zu'ábí |
| 246 | 1 | 8 | _aPodněty k osvobození Palestiny |
| 250 | _aVydání první | ||
| 264 | 1 |
_aPraha : _bUtopia libri, _c2024 |
|
| 300 |
_a233 stran : _bilustrace ; _c18 cm |
||
| 336 |
_atext _btxt _2rdacontent |
||
| 337 |
_abez média _bn _2rdamedia |
||
| 338 |
_asvazek _bnc _2rdacarrier |
||
| 500 | _aZ angličtiny? přeložily Marie Barvínková, Magdalena Jehličková, Ema Kovalčíková, Tereza Langrová | ||
| 500 | _aNa obálce označení: 1396 | ||
| 504 | _aObsahuje bibliografii a bibliografické odkazy | ||
| 520 | 2 | _aSborník obsahuje články o palestinské otázce, izraelsko-palestinském konfliktu nebo těžkém životě Palestinců v současném Izraeli. Najdeme zde rovněž příběhy Palestinců, které nás seznámí s jejich životními osudy i názory na nynější vojenský střet. | |
| 650 | 0 | 7 |
_apalestinská otázka _2czenas |
| 650 | 0 | 7 |
_aarabsko-izraelské konflikty _2czenas |
| 650 | 0 | 7 |
_aintifáda _2czenas |
| 650 | 0 | 7 |
_amírová koexistence _zBlízký východ _2czenas |
| 650 | 0 | 9 |
_aPalestinian question _2eczenas |
| 650 | 0 | 9 |
_aIsrael-Arab conflicts _2eczenas |
| 650 | 0 | 9 |
_aintifada _2eczenas |
| 650 | 0 | 9 |
_apeaceful coexistence _zMiddle East _2eczenas |
| 655 | 7 |
_aeseje _2czenas |
|
| 655 | 7 |
_avzpomínky _2czenas |
|
| 655 | 7 |
_asborníky _2czenas |
|
| 655 | 9 |
_aessays _2eczenas |
|
| 655 | 9 |
_areminiscences _2eczenas |
|
| 655 | 9 |
_amiscellanea _2eczenas |
|
| 700 | 1 |
_aDudinski, Nataša, _d1967- _4aut |
|
| 700 | 1 |
_aDvořáková, Petra _4aut |
|
| 700 | 1 |
_aFeinberg, Joseph Grim, _d1979- _4aut |
|
| 700 | 1 |
_aChever, Šir, _d1978- _4aut |
|
| 700 | 1 |
_aKhoury, Amal _4aut |
|
| 700 | 1 |
_aKotaishová, Nadia _4aut |
|
| 700 | 1 |
_aLakhani, Nina _4aut |
|
| 700 | 1 |
_aLangrová, Tereza _4aut _4edt _4trl |
|
| 700 | 1 |
_aMuštahá, Mahmúd _4aut |
|
| 700 | 1 |
_aRawoot, Ilham _4aut |
|
| 700 | 1 |
_aSinger, Prokop _4aut |
|
| 700 | 1 |
_aZoabi, Haneen, _d1969- _4aut |
|
| 700 | 1 |
_aBarvínková, Marie _4trl |
|
| 700 | 1 |
_aJehličková, Magdaléna, _d1978- _4trl |
|
| 700 | 1 |
_aKovalčíková, Ema _4trl |
|
| 900 | _b19 | ||
| 910 | _aABA001 | ||
| 910 | _aABA007 | ||
| 910 | _aABD001 | ||
| 910 | _aABD186 | ||
| 910 | _aABE301 | ||
| 910 | _aABE323 | ||
| 910 | _aABE334 | ||
| 910 | _aABE461 | ||
| 910 | _aABG001 | ||
| 910 | _aBOA001 | ||
| 910 | _aBOD001 | ||
| 910 | _aBOD024 | ||
| 910 | _aHKA001 | ||
| 910 | _aKLG001 | ||
| 910 | _aLIA001 | ||
| 910 | _aOLA001 | ||
| 910 | _aOLG001 | ||
| 910 | _aPNA001 | ||
| 910 | _aULG001 | ||
| 942 |
_2ddc _cKNIHA _n0 |
||
| 999 |
_c1881 _d1881 |
||